|
|
|
|
| LEADER |
00000nam0a2200000 4500 |
| 001 |
363887 |
| 005 |
20231102011631.0 |
| 035 |
|
|
|a (RuTPU)RU\TPU\retro\21236
|
| 090 |
|
|
|a 363887
|
| 100 |
|
|
|a 20211014d1981 m y0rusy50 ca
|
| 101 |
0 |
|
|a rus
|
| 102 |
|
|
|a UA
|
| 105 |
|
|
|a a j 001zy
|
| 200 |
1 |
|
|a Конструкции из дерева и пластмасс. Примеры расчета и конструирования
|e учебное пособие для вузов
|f под ред. В. А. Иванова
|
| 205 |
|
|
|a 3-е изд., перераб. и доп.
|
| 210 |
|
|
|a Киев
|c Вища школа
|d 1981
|
| 215 |
|
|
|a 392 с.
|c ил.
|
| 320 |
|
|
|a Библиогр.: с. 388-389
|
| 606 |
1 |
|
|a Деревянные конструкции
|2 stltpush
|3 (RuTPU)RU\TPU\subj\9115
|9 36397
|
| 606 |
1 |
|
|a Пластмассовые конструкции
|2 stltpush
|3 (RuTPU)RU\TPU\subj\49095
|9 67906
|
| 610 |
1 |
|
|a учебные пособия
|
| 610 |
1 |
|
|a проектирование
|
| 610 |
1 |
|
|a панели
|
| 610 |
1 |
|
|a балки
|
| 610 |
1 |
|
|a покрытия
|
| 610 |
1 |
|
|a плоские покрытия
|
| 610 |
1 |
|
|a несущие поверхности
|
| 610 |
1 |
|
|a здания
|
| 610 |
1 |
|
|a сооружения
|
| 610 |
1 |
|
|a технико-экономическая оценка
|
| 675 |
|
|
|a 624.011.1(075.8)
|v 4
|
| 675 |
|
|
|a 624.011.78(075.8)
|v 4
|
| 702 |
|
1 |
|a Иванов
|b В. А.
|4 340
|
| 801 |
|
1 |
|a RU
|b 63413507
|c 20211014
|
| 942 |
|
|
|c BK
|